Statistiques concernant Ligue 1 : Classement général

Cliquez ici pour prendre le quiz!

Statistiques générales

  • Ce quiz a été pris 794 fois
  • Le résultat moyen est 16 sur 19

Statistiques - réponses

ClassementEquipeChampionVice-champion% Correct
7eParis Saint-Germain68
100%
2eOlympique de Marseille912
99%
5eOlympique lyonnais74
98%
1erAS Saint-Etienne103
97%
6eGirondins de Bordeaux69
95%
10eLille OSC36
95%
4eAS Monaco86
93%
3eFC Nantes87
92%
16eOlympique lillois1-
91%
9eOGC Nice43
88%
13eRC Lens14
85%
19eMontpellier HSC1-
84%
8eStade de Reims63
79%
18eAJ Auxerre1-
73%
15eRC Strasbourg11
71%
14eRacing Paris12
70%
11eFC Sochaux23
61%
12eFC Sète2-
45%
17eRoubaix-Tourcoing1-
35%

Distribution des résultats

Percentile par nombre de réponses

% des personnes avec chaque résultat

Votre développement - résultats

Vous n’avez pas pris ce quiz